1078 1170 1250 1104 1823 1448 1873 1689 1273 1165 1265 1802 1062 1000 1227 1650 1948 1796 1920 1745 1153 1106 1634 1293 1233 1112 1461 1007 1458 1922 1969 1991 1391 1114 1685 1052 1050 1864 1955 1592 1616 1687 1618 1601 1702 1762 1092 1587 1537 1794 1560 1059 1004 1295 1079 1146 1591 1772 1527 1285 1894 1900 1798 1469 1187 1556 1108 1357 1538 1071 1539 1311 1051 1339 1455 1808 1670 1334 1193 1802 1066 1126 1974 1289 1136 1127 1579 1806 1522 1209 1768 1324 1724 1906 1463 1296 1066 1706 1907 BCNSPRNW ULIB Ver.6.0+V

เปลี่ยนเป็นภาษาไทย

Change to English
 แสดงรายละเอียดบรรณานุกรม
  กลับหน้าหลัก

Brief Record : Get Marc (ISO 2709) : E-mail record : QR code < ปิดหน้าต่าง
LEADER : 00000nam 2200000uu 4500
001    13399109043
003     ULIB
008    110320s2545||||th 000 0 tha d
020    9749021738 (pbk.)
020    9789749021736 (pbk.)
060 04 WX158^bว435ก 2545
100 0  วันเพ็ญ พิชิตพรชัย
245 10 การวางแผนจำหน่ายผู้ป่วย :^bแนวคิดและการประยุกต์ใช้ /^cวันเพ็ญ พิชิตพรชัยและอุษาวดี อัศดรวิเศษ
250    พิมพ์ครั้งที่ 1
260    กรุงเทพฯ :^bคณะพยาบาลศาสตร์ มหาวิทยาลัยมหิดล,^c2545
300    107, [2] หน้า ;^c26 ซม.
650  2 Patient Discharge
650  7 ผู้ป่วย, การจำหน่ายออกจากโรงพยาบาล
700 0  อุษาวดี อัศดรวิเศษ
710 2  มหาวิทยาลัยมหิดล. ^bคณะพยาบาลศาสตร์
945    ^p70^l0^i017147
945    ^p70^l0^i017146
945    ^p70^l0^i015398
945    ^p70^l0^i015397
945    ^p70^l0^i015396
995    เกษร
999 ^a ใช้งานได้ทุกระบบ
รายการนี้ยังไม่มีแท็ก
คุณยังไม่ได้ล็อกอิน คุณสามารถมีกิจกรรมร่วมกับเว็บไซต์ได้ แต่ต้องล็อกอินก่อน ::
  ล็อกอิน

รายการสื่อสารสนเทศ

ลำดับที่ ประเภท เลขเรียก/บาร์โค้ด สถานที่ สถานะ
- ไม่พบข้อมูล -

รายการใกล้เคียง
    ผู้แต่ง [วันเพ็ญ พิชิตพรชัย]

    หัวเรื่อง [Patient Discharge]
    หัวเรื่อง [ผู้ป่วย, การจำหน่ายออกจากโรงพยาบาล]

BibComment


ยังไม่เคยถูกคอมเมนท์

คอมเมนท์ทรัพยากรรายการนี้
  คอมเมนท์: การวางแผนจำหน่ายผ..


 Copyright 2026. Bcnsprnw @Library